000 00499nam a2200181Ia 4500
005 20250923144530.0
008 008 250917s9999 xx 000 0 eng d
037 _aTextual
040 _aDSWL
_beng
_cDSWL
041 _aeng
_2eng
084 _qDSWL
100 _aFriedlander, W.A.
_9825833
245 0 _aIntroduction to social welfare
_cby W.A. Friedlander
260 _aAmerica
_bPrentice Hall
_c1955
300 _axviii,683p.
942 _cTEXL
999 _c1440115
_d1440115